Brisbane Train Stations - Statistics

General Stats
  • This quiz has been taken 177 times
    144 since last reset
  • The average score is 46 of 154
Answer Stats
Hint Answer % Correct
R Roma Street
76%
C Central
75%
F Fortitude Valley
66%
S South Bank
66%
S South Brisbane
65%
I Ipswich
60%
B Bowen Hills
58%
A Albion
56%
I Indooroopilly
55%
M Milton
55%
A Auchenflower
54%
B Beenleigh
53%
E Eagle Junction
52%
F Ferny Grove
52%
C Caboolture
51%
C Cleveland
50%
T Toowong
50%
P Park Road
47%
Y Yeronga
47%
A Altandi
46%
H Helensvale
46%
D Dutton Park
45%
O Oxley
44%
S Shorncliffe
44%
Z Zillmere
44%
V Varsity Lakes
43%
W Wynnum
43%
D Darra
42%
L Loganlea
42%
T Taringa
41%
A Ascot
40%
C Clayfield
39%
C Coomera
39%
S Sandgate
39%
K Kippa-Ring
38%
N Northgate
38%
V Virginia
38%
C Chelmer
37%
G Graceville
37%
M Morningside
37%
S Sherwood
37%
W Wooloowin
37%
C Corinda
36%
M Manly
36%
N Nambour
36%
N Nudgee
36%
N Nundah
36%
P Petrie
36%
S Sunnybank
36%
C Cannon Hill
35%
A Alderley
34%
D Doomben
34%
N Nerang
34%
S Springfield
34%
S Sunshine
34%
O Ormeau
33%
T Toombul
33%
B Boondall
32%
C Carseldine
31%
F Fairfield
31%
M Mango Hill
31%
M Mitchelton
31%
R Rosewood
31%
W Windsor
31%
Y Yeerongpilly
31%
B Bald Hills
30%
H Hendra
30%
M Moorooka
30%
R Runcorn
30%
W Wacol
30%
C Coorparoo
29%
L Lota
29%
M Morayfield
29%
R Robina
29%
C Coopers Plains
28%
E Enoggera
28%
K Kuraby
28%
N Norman Park
28%
W Woodridge
28%
B Burpengary
27%
D Dakabin
27%
G Gympie North
27%
L Lawnton
27%
S Springfield Central
26%
S Strathpine
26%
W Wynnum Central
26%
B Banyo
25%
D Deagon
25%
G Geebung
25%
A Airport Domestic
24%
A Airport International
24%
B Buranda
24%
E East Ipswich
24%
F Fruitgrove
24%
M Murrumba Downs
24%
N Narangba
24%
N New Market
24%
R Rocklea
24%
W Wynnum North
24%
B Beerwah
23%
B Bray Park
23%
G Gaythorne
23%
H Hemmant
22%
M Mango Hill East
22%
R Richlands
22%
W Wilston
22%
B Bethania
21%
E Eden's Landing
21%
E Eumundi
21%
G Gailes
21%
G Glasshouse Mountains
21%
K Kallangur
21%
K Kingston
21%
L Landsborough
21%
N North Boondall
21%
O Ormiston
21%
R Redbank
21%
T Thomas Street
21%
M Murrarie
20%
O Oxford Park
20%
B Banoon
19%
E Ebbw Vale
19%
E Exhibition
19%
T Tennyson
19%
T Trinder Park
19%
W Wellington Point
18%
B Bundamba
17%
H Holmview
17%
B Booval
16%
E Eudlo
16%
G Grovely
16%
L Lindum
16%
R Riverview
16%
C Cooroy
15%
P Palmwoods
15%
T Traveston
15%
W Woombye
15%
B Beerburrum
14%
B Birkdale
14%
D Dinmore
14%
R Rothwell
14%
Y Yandina
14%
C Cooran
13%
W Wulkuraka
13%
P Pomona
12%
W Walloon
12%
E Elimbah
11%
K Karrabin
11%
M Mooloolah
10%
B Bindah
8%
G Goonda
7%
S Sailsbury
5%
T Throneside
5%
T Thangoona
2%
No matching quizzes found
Score Distribution
Percent of People with Each Score
Percentile by Number Answered
Your Score History
You have not taken this quiz since the last reset